02322 a2200301 45000010006000000050017000060080041000230030015000640400040000790800049001192450104001680200022002722640034002943000019003285051325003470410008016721000029016807000019017097000017017287000020017457000033017657000034017987000027018327000028018597000017018877000021019048560095019254084020260407155703.0260407a2014 arg spa dAR-UNSa-BCEJYS aAR-UNSa-BCEJYSbspacAR-UNSa-BCEJYS a372.83xEnseñanza de las Ciencias Sociales10aLectura y escritura en carreras de ciencias humanas y socialespideas y experiencias de enseñanza a978-987-538-406-4 1aBuenos Aires :bNoveducc2014 a115 p.c28 cm. a1. El enriquecimiento de las prácticas de lectura y escritura de los docentes en formación - 2. Intervenciones didácticas para enseñar a leer en el aula universitaria. De "leer para controlar la guía" a compartir la lectura - 3. Identidades discursivas en la escritura de las disciplinas. Una enseñanza posible, una responsabilidad compartida - 4. Las prácticas de lectura y escritura en la universidad: aprendizaje disciplinario y conformación subjetiva - 5. Filosofía y escritura. Algunas reflexiones en torno a una experiencia - 6. Los marcadores del discurso - 7. La ficción como poética de la historia - 8. Instrucciones de lectura. El ensayo en la universidad: la configuración del enunciador académico a través de la escritura - 9. La literatura como reconstrucción del pasado - 10. Literatura y realidad - 11. La literatura como constructora de visiones sobre un pasado no vivido - 12. La representación de la ficción - 13. La ficción y la construcción del pasado - 14. La literatura al servicio de la memoria sobre un pasado que debemos recordar - 15. La ficción como forma de construir memoria. La última dictadura argentina según "Dos veces junio" y "La mujer en cuestión" - 16. Literatura de ficción y no-ficción. Dos formas de construir la memoria colectiva aspa1 aNovo, María del Carmen1 aRosales, Pablo1 aAiola, Norma1 aBonnet, Marcela1 aBottazzo, María del Carmen1 aDegli Uomini, Mariano Claudio1 aDíaz, Marcelo Daniel1 aEscalarea, Laura Leonor1 aJakob, Ivone1 aRicca, Guillermo41uhttps://biblioeco.unsa.edu.ar/pmb/images/libros/L126298.jpgyImagen de portadaqimage/jpeg